Секс в большом городе: Роман; пер. с англ.

Bibliographic Details
Main Author: Бушнелл К. Кэндес
Language:Russian
Published: Москва, Торнтон и Сагден, 2003
Subjects:
Format: Book
KOHA link:https://koha.lib.tpu.ru/cgi-bin/koha/opac-detail.pl?biblionumber=56747

MARC

LEADER 00000nam0a2200000 4500
001 56747
005 20231031053725.0
010 |a 5939230296 
035 |a (RuTPU)RU\TPU\book\59605 
090 |a 56747 
100 |a 20031009d2003 m y0rusy50 ca 
101 1 |a rus  |c eng 
102 |a RU 
105 |a y z 000ay 
200 1 |a Секс в большом городе  |e Роман  |e пер. с англ.  |f К. Бушнелл 
210 |a Москва  |c Торнтон и Сагден  |c Гелеос  |d 2003 
215 |a 366 с. 
610 1 |a американская литература 
610 1 |a романы 
610 1 |a телесериалы 
610 1 |a любовь 
675 |a 82  |v 3 
700 1 |a Бушнелл  |b К.  |g Кэндес 
801 1 |a RU  |b 63413507  |c 20031009  |g PSBO 
801 2 |a RU  |b 63413507  |c 20180511  |g PSBO 
942 |c BK